书目信息 |
| 题名: |
赵树理全集
|
|
| 作者: | 赵树理 著 ;董大中 主编 | |
| 分册: | 3 剧本 曲艺 | |
| 出版信息: | 太原 北岳文艺出版社 2018 |
|
| 页数: | 549页 | |
| 开本: | 23cm | |
| 丛书名: | ||
| 单 册: | ||
| 中图分类: | I217.32 , I230 | |
| 科图分类: | ||
| 主题词: | 中国文学--zhong guo wen xue--当代文学--作品集 , 剧本--ju ben--作品集--中国--当代 , 曲艺--qu yi--作品集--中国--当代 | |
| 电子资源: | ||
| ISBN: | 978-7-5378-5621-8 | |
| 000 | 01002nam0 2200289 450 | |
| 001 | 2151086083 | |
| 005 | 20211019143215.96 | |
| 010 | @a978-7-5378-5621-8@b精装@dCNY139.60(全5册698.00) | |
| 100 | @a20190406d2018 em y0chiy50 ea | |
| 101 | 0 | @achi |
| 102 | @aCN@b140000 | |
| 105 | @ay z 000zy | |
| 106 | @ar | |
| 200 | 1 | @a赵树理全集@Azhao shu li quan ji@h3@i剧本 曲艺@f董大中主编 |
| 210 | @a太原@c北岳文艺出版社@d2018@h2019印 | |
| 215 | @a549页@d23cm | |
| 330 | @a本书收录赵树理的部分剧本、曲艺作品,包括《韩玉娘》《万象楼》《两个世界》《好消息》《割麦对唱》《开河渠》等。 | |
| 517 | 1 | @a剧本 曲艺@Aju ben qu yi |
| 606 | 0 | @a中国文学@Azhong guo wen xue@x当代文学@x作品集 |
| 606 | 0 | @a剧本@Aju ben@x作品集@y中国@z当代 |
| 606 | 0 | @a曲艺@Aqu yi@x作品集@y中国@z当代 |
| 690 | @aI217.32@v5 | |
| 690 | @aI230@v5 | |
| 701 | 0 | @a赵树理@Azhao shu li@f(1906-1970)@4著 |
| 702 | 0 | @a董大中@Adong da zhong@4主编 |
| 801 | 0 | @aCN@b百万庄@c20211016 |
| 905 | @b1309288-291@dI217.32@e1093:3@f4 | |
| 赵树理全集.3.剧本 曲艺/董大中主编.-太原:北岳文艺出版社,2018(2019印) |
| 549页;23cm |
| ISBN 978-7-5378-5621-8(精装):CNY139.60(全5册698.00) |
| 本书收录赵树理的部分剧本、曲艺作品,包括《韩玉娘》《万象楼》《两个世界》《好消息》《割麦对唱》《开河渠》等。 |
| ● |
| 相关链接 |
|
|
|
|
正题名:赵树理全集
索取号:I217.32/1093:3
 
预约/预借
| 序号 | 登录号 | 条形码 | 馆藏地/架位号 | 状态 | 备注 |
| 1 | 1309288 | 213092883 | 第一样本阅览室/ [索取号:I217.32/1093:3] | 在馆 | |
| 2 | 1309289 | 213092892 | 第二借阅区/ [索取号:I217.32/1093:3] | 在馆 | |
| 3 | 1309290 | 213092909 | 第二借阅区/ [索取号:I217.32/1093:3] | 在馆 | |
| 4 | 1309291 | 213092918 | 第二借阅区/ [索取号:I217.32/1093:3] | 在馆 |